000 00918nam a2200301Ia 4500
001 35065
003 IT-RoPAU
008 130308s9999 xx 000 0 und d
040 _aIT-RoPAU
040 _cIT-RoPAU
041 _aFRANCESE
100 _aRitz J.-G.
100 _gCodice Aut. SPICS: 16652
245 _aRhetorique et communication ou l'art de Robert Bridges dans the testament of Beauty
245 _bRhetorique et Communication (Actes Du congres de Rouen 1976)
250 _a1a ed.
260 _aPARIS
260 _bDidier
260 _c1979 [1° Ed.:1979 - Ed.Ling.Originale:1976]
300 _a"15 p. (prefazione: no ; testo: 15 [pagine: 191-205])"
500 _aRetorica e Comunicazione o L'Arte di Robert Bridges in The Testament Of Beauty
650 _aSAGGI DI LINGUISTICA
650 _eCodice materia Spics: 3207
942 _cBK
957 _71
999 _c40263
_d40263
999 _bSI
999 _g1